La educación cómo práctica de la libertad

Guardat en:
Dades bibliogràfiques
Autor principal: Freire, Paulo (autor)
Format: Llibre
Idioma:espanyol
Publicat: Santiago ICIRA 1970
Edició:2a. ed
Matèries:
Etiquetes: Afegir etiqueta
Sense etiquetes, Sigues el primer a etiquetar aquest registre!

MARC

LEADER 00000nam a2200000 a 4500
001 UCU4826
003 CL-VaPUC
008 960524e19700000CL |||||||||||||||||spa|d
082 0 4 |a 370.112  |b FRE  |2 21 
100 |a Freire, Paulo  |e autor  |9 352356 
245 1 3 |a La educación cómo práctica de la libertad 
250 |a 2a. ed 
300 |a 136 p 
942 |c BK 
945 |d 19960524 00:00:00  |a aalvarez 
260 |a Santiago  |b ICIRA  |c 1970 
650 7 |a LIBERTAD DE EDUCACION  |2 CL-VaPUC  |9 350948 
650 7 |a EDUCACION HUMANISTICA  |2 CL-VaPUC  |9 307323 
650 0 |a Igualdad de educación   |9 335637 
650 0 |a Democratización de la educación  |9 307986 
583 |a last modification  |c 19960524 00:00:00  |k Rodrigo Vera 
999 |c 248362  |d 248360 
952 |0 0  |1 0  |4 0  |6 370_112000000000000_FRE_1970  |7 0  |8 A  |9 264948  |a BIBTEO  |b BIBTEO  |d 2019-11-19  |i 3198669  |o 370.112 FRE 1970  |p 3198669  |r 2025-01-17  |w 2019-11-19  |y BK  |k ICR